Responses for Show #3072 - Tuesday, December 30, 1997

Contestants

[<< previous game]

Andrew Locke, a lawyer from Etobicoke, Ontario, Canada

Elaine Lang, a public relations executive from Vienna, Virginia

Janine Menhennet, a homemaker from Pasadena, California (whose 1-day cash winnings total $11,000)

[next game >>]

Jeopardy! Round responses

TRANSPORTATION
TRAVEL INDIANAPOLIS
CELEBRITIES
ABBREV.
FISH
CHIPS
    $100 16
helicopter

Andrew
    $100 21
Elvis Presley

Janine
    $100 11
Roger Ebert

Andrew
    $100 1
wholesale

Janine
    $100 22
Sword

Elaine
    $100 6
chocolate chips

Andrew
    $200 17
New York

Elaine
    $200 27
Indianapolis Colts

Janine
    $200 12
Andre Agassi

Janine
    $200 2
carbon copy (or carbon paper)

Andrew
    $200 23
(Alex: Even though it's that big, it's known as a [*].)

minnow

Triple Stumper
    $200 7
Pebbles

Janine
    $300 18
General Motors

Elaine
    $300 28
Pullman cars

Janine
    $300 13
Dennis Franz

Andrew
    $300 3
TKO

Andrew
    $300 24
sprat

Andrew
    $500 8
(Janine: What... are potato chips?)

Baked Lays

Janine
    $400 19
hovercraft

Andrew
    $400 29
John Dillinger

Andrew
    $400 14
Anne Meara

Janine
    $400 4
death certificate

Andrew
    $400 25
drumfish

Andrew
    $400 9
baccarat

Elaine
    $500 20
trawler

Elaine
    $500 30
American Legion

Janine
    $500 15
(Janine: Who is... oh, no.)

Natasha (Richardson)

JanineElaine
    $500 5
pop

Andrew
    $500 26
tarpon

Andrew
    $500 10
(Alex: Organic material, hence, what is a [*]?)

bio-chip

Triple Stumper

Scores at the first commercial break (after clue 14):

Janine Elaine Andrew
$400 $400 $1,900

Scores at the end of the Jeopardy! Round:

Janine Elaine Andrew
$1,000 $2,000 $4,000

Double Jeopardy! Round responses

FLICKS
POLITICIANS
MUSIC MAKERS
1952
STATE FAIR SITES
TO THE "NTH" DEGREE
    $200 11
Mutiny on the Bounty

Andrew
    $200 21
Hawaii

Janine
    $200 16
John Philip Sousa

Janine
    $200 6
Elizabeth II

Janine
    $200 1
a labyrinth

Elaine
    $400 12
Ernest Hemingway

Andrew
    $400 22
Strom Thurmond

Janine
    $400 17
Chopin

Andrew
    $400 7
Eva Peron

Janine
    $400 27
Colorado

Elaine
    $400 2
Corinth

Andrew
    $600 13
The Treasure of the Sierra Madre

Janine
    $600 23
Huey Long

Elaine
    $1,600 18
(Alex: Glad you didn't say "Who is Francis Ford Coppola?")

Wagner

Andrew
    $600 8
Adlai Stevenson

Janine
    $600 26
Montana

Triple Stumper
    $600 3
coelacanth

Andrew
    $800 14
The Graduate

Andrew
    $800 24
Rhode Island

Elaine
    $800 19
Engelbert Humperdinck

Janine
    $800 9
the Mau Mau

Andrew
    $800 28
[The end-of-round signal sounds.]

Nebraska

Elaine
    $800 4
plinth

Andrew
    $2,000 15
(Alex: Obviously we left out the bad part.)

A Man for All Seasons

Andrew
    $1000 25
Rutherford B. Hayes

Janine
    $1000 20
Dvorak

Triple Stumper
    $1000 10
(Andrew: Who was Sir Edmund Hillary?)
...
(Alex: Who was the man with him, [*].)

Tenzing Norgay

Andrew
Triple Stumper
    $1000 5
(Andrew: What is an amaranth?)

hyacinth

JanineAndrew

Scores at the end of the Double Jeopardy! Round:

Janine Elaine Andrew
$6,400 $4,800 $10,000

[wagering suggestions for these scores]

Final Jeopardy! Round responses

FOOD HISTORY
(Alex: Yum yum.)
ElaineWho were the Mongols
$4,799
JanineWho were the Tatars
$6,000
AndrewWho were the Huns
$5,000
the Tatars

Final scores:

Janine Elaine Andrew
$12,400 $1 $5,000
2-day champion: $23,400 3rd place: Panasonic LCD Palmcorder 2nd place: Trip to Sands Resorts, Myrtle Beach, South Carolina

Game dynamics:

Coryat scores:

Janine Elaine Andrew
$6,900 $4,800 $8,000
18 R,
2 W
(including 1 DD)
11 R,
0 W
23 R
(including 2 DDs),
2 W

Combined Coryat: $19,700

[game clues] [game scores] [suggest correction]

Game tape date: Unknown
The J! Archive is created by fans, for fans. Scraping, republication, monetization, and malicious use prohibited; this site may use cookies and collect identifying information. See terms. The Jeopardy! game show and all elements thereof, including but not limited to copyright and trademark thereto, are the property of Jeopardy Productions, Inc. and are protected under law. This website is not affiliated with, sponsored by, or operated by Jeopardy Productions, Inc. Join the discussion at JBoard.tv.